[Event "Silkeborg"]
[Site "Silkeborg"]
[Date "1983.??.??"]
[Round "8"]
[White "Berg, Klaus"]
[Black "Hansen, Curt"]
[Result "0-1"]
[WhiteElo "2400"]
[BlackElo "2450"]
[PlyCount "106"]
[EventDate "1983.10.??"]
[EventType "tourn"]
[EventRounds "11"]
[EventCountry "DEN"]
[EventCategory "7"]
[Source "ChessBase"]
[SourceDate "1999.07.01"]

1. Nf3 Nf6 2. c4 e6 3. g3 d5 4. b3 c5 5. Bg2 Nc6 6. cxd5 exd5 7. O-O Bg4 8. Bb2
d4 9. e3 Be7 10. h3 Bh5 11. exd4 cxd4 12. Na3 O-O 13. Nc2 Bc5 14. b4 Nxb4 15.
Nxb4 Bxb4 16. Qb3 Bc5 17. Qc4 Rc8 18. Nxd4 Qb6 19. Rab1 Bg6 20. d3 Be7 21. Qb5
Qxb5 22. Nxb5 Bxd3 23. Nxa7 Ra8 24. Bd4 Bxf1 25. Kxf1 Rad8 26. Bb6 Rd7 27. Be3
Rfd8 28. Rxb7 Rxb7 29. Bxb7 Rd1+ 30. Kg2 Ra1 31. Nc6 Bf8 32. Ne5 Rxa2 33. h4
Bd6 34. Nc4 Bb8 35. Bf3 Ba7 36. Bxa7 Rxa7 37. Ne3 g6 38. Ng4 Kg7 39. Nxf6 Kxf6
40. Bd5 Ke5 41. Bb3 Kd4 42. Bd1 Kd3 43. Bb3 Kd2 44. g4 h6 45. f3 Ke3 46. Kg3 g5
47. hxg5 hxg5 48. Bc4 f6 49. Bd5 Ra1 50. Kg2 Rc1 51. Be4 Rd1 52. Bc6 Kf4 53.
Kf2 Rd2+ 0-1

[Event "Silkeborg"]
[Site "Silkeborg"]
[Date "1983.??.??"]
[Round "5"]
[White "Berg, Klaus"]
[Black "Hebden, Mark"]
[Result "0-1"]
[WhiteElo "2400"]
[BlackElo "2495"]
[PlyCount "82"]
[EventDate "1983.10.??"]
[EventType "tourn"]
[EventRounds "11"]
[EventCountry "DEN"]
[EventCategory "7"]
[Source "ChessBase"]
[SourceDate "1999.07.01"]

1. Nf3 Nf6 2. c4 g6 3. g3 d6 4. Bg2 Bg7 5. Nc3 O-O 6. O-O Nc6 7. d3 e5 8. Rb1
a5 9. a3 Re8 10. Bg5 h6 11. Bxf6 Bxf6 12. b4 axb4 13. axb4 Bg7 14. b5 Ne7 15.
Qb3 Be6 16. Nd2 c6 17. Ra1 Rxa1 18. Rxa1 d5 19. bxc6 bxc6 20. Ra6 e4 21. dxe4
dxc4 22. Qc2 Qd4 23. Ndb1 Rb8 24. Bf1 Rb3 25. Nd1 c3 26. e3 Qb4 27. Bd3 Bg4 28.
Ra1 Bf3 29. Kf1 Kh7 30. Ra7 c5 31. Rxe7 c4 32. Rxf7 cxd3 33. Qxd3 Rxb1 34.
Rxg7+ Kxg7 35. Qd7+ Kf8 36. Qd8+ Kf7 37. Qd5+ Ke7 38. Qe5+ Kd7 39. Qd5+ Qd6 40.
Qf7+ Kc6 41. Qe8+ Kb6 0-1

[Event "Silkeborg"]
[Site "Silkeborg"]
[Date "1983.??.??"]
[Round "1"]
[White "Berg, Klaus"]
[Black "Brinck Claussen, Bjorn"]
[Result "0-1"]
[WhiteElo "2400"]
[BlackElo "2385"]
[PlyCount "62"]
[EventDate "1983.10.??"]
[EventType "tourn"]
[EventRounds "11"]
[EventCountry "DEN"]
[EventCategory "7"]
[Source "ChessBase"]
[SourceDate "1999.07.01"]

1. Nf3 d5 2. d4 Nf6 3. c4 c6 4. e3 Bf5 5. Nc3 e6 6. Bd3 Bxd3 7. Qxd3 Nbd7 8.
O-O Bd6 9. e4 dxe4 10. Nxe4 Nxe4 11. Qxe4 Nf6 12. Qe2 Qc7 13. Bg5 O-O 14. Bxf6
gxf6 15. Rad1 Kh8 16. d5 Rae8 17. Qd3 exd5 18. cxd5 c5 19. Qf5 Qd8 20. Rfe1 Rg8
21. Qh5 Qd7 22. Rxe8 Rxe8 23. h3 Re4 24. b3 b5 25. g4 c4 26. bxc4 bxc4 27. Nh4
c3 28. Nf5 Bf4 29. Ne3 Rxe3 30. fxe3 Bxe3+ 31. Kg2 c2 0-1

[Event "Silkeborg"]
[Site "Silkeborg"]
[Date "1983.??.??"]
[Round "10"]
[White "Berg, Klaus"]
[Black "Fries Nielsen, Jens Ove"]
[Result "1/2-1/2"]
[WhiteElo "2400"]
[BlackElo "2425"]
[PlyCount "145"]
[EventDate "1983.10.??"]
[EventType "tourn"]
[EventRounds "11"]
[EventCountry "DEN"]
[EventCategory "7"]
[Source "ChessBase"]
[SourceDate "1999.07.01"]

1. d4 d5 2. Nf3 Nf6 3. Bg5 e6 4. e3 Be7 5. Bd3 c5 6. c3 Qb6 7. Qc2 Nc6 8. Nbd2
Bd7 9. O-O Rc8 10. Qb1 h6 11. Bh4 cxd4 12. exd4 g5 13. Bg3 Nh5 14. Be5 Nxe5 15.
Nxe5 Nf4 16. Bc2 Bd6 17. Re1 Bxe5 18. Rxe5 f6 19. Re1 h5 20. g3 Nh3+ 21. Kg2 g4
22. Ba4 Rh6 23. Bxd7+ Kxd7 24. Nb3 Ng5 25. Nc5+ Rxc5 26. dxc5 Qc6 27. Qd3 h4
28. Qd4 hxg3 29. hxg3 Rh2+ 30. Kxh2 Nf3+ 31. Kg2 Nxd4 32. cxd4 Qa4 33. b4 Qxb4
34. Rab1 Qc3 35. Rxb7+ Kc6 36. Rbb1 e5 37. dxe5 fxe5 38. Rec1 Qd2 39. Rd1 Qe2
40. Rdc1 e4 41. Kg1 d4 42. Re1 Qf3 43. Rb3 e3 44. fxe3 Qxg3+ 45. Kf1 Qf3+ 46.
Kg1 g3 47. Rb2 dxe3 48. Rf1 Qg4 49. Re1 Qe4 50. Rg2 Qf3 51. Rf1 Qg4 52. Re1
Kxc5 53. Rc2+ Kd5 54. Rec1 Qf3 55. Rf1 Qg4 56. Rfc1 Qf3 57. Rf1 Qh5 58. Re1 Kd4
59. Rce2 Qf3 60. Rd1+ Ke4 61. Rde1 a5 62. Rxe3+ Qxe3+ 63. Rxe3+ Kxe3 64. Kg2
Kf4 65. a4 Kg4 66. Kg1 Kf3 67. Kf1 Ke3 68. Kg2 Kd3 69. Kxg3 Kc3 70. Kf2 Kb3 71.
Ke2 Kxa4 72. Kd2 Kb3 73. Kc1 1/2-1/2

[Event "Silkeborg"]
[Site "Silkeborg"]
[Date "1983.??.??"]
[Round "6"]
[White "Berg, Klaus"]
[Black "Quist, Viggo Bove"]
[Result "1-0"]
[WhiteElo "2400"]
[BlackElo "2200"]
[PlyCount "82"]
[EventDate "1983.10.??"]
[EventType "tourn"]
[EventRounds "11"]
[EventCountry "DEN"]
[EventCategory "7"]
[Source "ChessBase"]
[SourceDate "1999.07.01"]

1. e4 c5 2. Nc3 e6 3. g3 d5 4. d3 dxe4 5. Nxe4 Nf6 6. Nxf6+ Qxf6 7. Bg2 Qd8 8.
Ne2 Be7 9. O-O O-O 10. Be3 Nd7 11. d4 c4 12. d5 Nc5 13. Qd4 exd5 14. Bxd5 Bf5
15. Nf4 Rc8 16. Nh5 Bf6 17. Nxf6+ Qxf6 18. Qxf6 gxf6 19. Bxc4 b6 20. c3 Kg7 21.
Rad1 Na4 22. Ba6 Rcd8 23. Bc1 Be6 24. Bb5 Nc5 25. Be3 Bxa2 26. Ra1 Bb3 27. Rxa7
Ra8 28. Rfa1 Rxa7 29. Rxa7 Rd8 30. Be2 Na4 31. Ra6 Rd6 32. Bd4 Re6 33. Bb5 Nc5
34. Ra1 Kg6 35. f3 Bc2 36. Bxc5 bxc5 37. Kf2 Bb3 38. Bd3+ Kg7 39. Ra5 c4 40.
Be4 Rd6 41. Bd5 Rd7 1-0

[Event "Silkeborg"]
[Site "Silkeborg"]
[Date "1983.??.??"]
[Round "3"]
[White "Quist, Viggo Bove"]
[Black "Radulov, Ivan"]
[Result "0-1"]
[WhiteElo "2200"]
[BlackElo "2490"]
[PlyCount "78"]
[EventDate "1983.10.??"]
[EventType "tourn"]
[EventRounds "11"]
[EventCountry "DEN"]
[EventCategory "7"]
[Source "ChessBase"]
[SourceDate "1999.07.01"]

1. c4 c5 2. Nc3 Nc6 3. g3 g6 4. Bg2 Bg7 5. e4 e5 6. d3 d6 7. Nge2 Nge7 8. O-O
Be6 9. Nd5 O-O 10. Be3 Qd7 11. Rb1 Rad8 12. a3 f5 13. f4 fxe4 14. Nxe7+ Nxe7
15. Bxe4 Bh6 16. b4 b6 17. Qd2 cxb4 18. fxe5 Bxe3+ 19. Qxe3 bxa3 20. Rxf8+ Rxf8
21. exd6 Qxd6 22. Nf4 Nf5 23. Bxf5 Bxf5 24. Ra1 Qb4 25. Qc1 Qb2 26. Qxb2 axb2
27. Rb1 g5 28. Nd5 Bxd3 29. Rxb2 Bxc4 30. Ne7+ Kg7 31. h4 Rf1+ 32. Kg2 Rf7 33.
Nc8 Bd5+ 34. Kg1 Rc7 35. Nd6 Rc3 36. Kf2 Rf3+ 37. Ke2 Ra3 38. Nf5+ Kf6 39. Ne3
Be6 0-1

[Event "Silkeborg"]
[Site "Silkeborg"]
[Date "1983.??.??"]
[Round "7"]
[White "Quist, Viggo Bove"]
[Black "Hebden, Mark"]
[Result "0-1"]
[WhiteElo "2200"]
[BlackElo "2495"]
[PlyCount "134"]
[EventDate "1983.10.??"]
[EventType "tourn"]
[EventRounds "11"]
[EventCountry "DEN"]
[EventCategory "7"]
[Source "ChessBase"]
[SourceDate "1999.07.01"]

1. c4 e5 2. Nc3 Nc6 3. e3 Nf6 4. Nf3 Bb4 5. Nd5 e4 6. Ng1 O-O 7. a3 Bd6 8. Qc2
Re8 9. Ne2 Be5 10. Ng3 Bxg3 11. hxg3 d6 12. Be2 Bf5 13. f4 exf3 14. Qxf5 fxe2
15. Nxf6+ Qxf6 16. Qxf6 gxf6 17. b3 Re6 18. Rh4 Rd8 19. Bb2 d5 20. Rg4+ Kf8 21.
cxd5 Rxd5 22. Rc1 Red6 23. Rc2 Rd3 24. Bc3 R3d5 25. Kxe2 h5 26. Rh4 a5 27. a4
Rg5 28. Kf2 f5 29. Rc1 Rdg6 30. Rch1 Rxg3 31. R1h2 Ke7 32. Rxh5 Ke6 33. Rh8 b6
34. Rc8 Kd7 35. Rf8 Ke7 36. Rc8 Kd7 37. Rf8 Nd8 38. Bf6 Rxg2+ 39. Rxg2 Rxf6 40.
Rh8 Ne6 41. Rg1 Nc5 42. Rb1 f4 43. Rh4 fxe3+ 44. Kxe3 Re6+ 45. Kd4 f5 46. Rh7+
Kc8 47. Kc4 Rc6 48. Kd5 Rd6+ 49. Ke5 Rxd2 50. Kxf5 Rd4 51. Ke5 Rb4 52. Rh3 Kb7
53. Ra1 Nxb3 54. Rb1 Nc5 55. Rxb4 axb4 56. Rh4 b3 57. Kd5 b2 58. Rh1 Nxa4 59.
Kc4 b5+ 60. Kb3 c5 61. Rg1 Kb6 62. Rb1 c4+ 63. Kb4 c3 64. Kb3 Ka5 65. Rh1 b4
66. Rh5+ Ka6 67. Rh1 Nc5+ 0-1

[Event "Silkeborg"]
[Site "Silkeborg"]
[Date "1983.??.??"]
[Round "8"]
[White "Quist, Viggo Bove"]
[Black "Scheeren, Peter"]
[Result "1/2-1/2"]
[WhiteElo "2200"]
[BlackElo "2455"]
[PlyCount "81"]
[EventDate "1983.10.??"]
[EventType "tourn"]
[EventRounds "11"]
[EventCountry "DEN"]
[EventCategory "7"]
[Source "ChessBase"]
[SourceDate "1999.07.01"]

1. c4 Nf6 2. Nf3 g6 3. b4 Bg7 4. Bb2 O-O 5. e3 d6 6. d4 Nbd7 7. Be2 e5 8. dxe5
dxe5 9. O-O e4 10. Nd4 Re8 11. a3 Ne5 12. h3 Qe7 13. c5 g5 14. Nd2 g4 15. hxg4
Nexg4 16. Nc4 h5 17. Qb3 Nh7 18. f3 exf3 19. Bxf3 Nhf6 20. Rae1 Rb8 21. e4 Be6
22. Nxe6 fxe6 23. Ne3 Nxe3 24. Qxe3 Ng4 25. Bxg4 hxg4 26. Bxg7 Qxg7 27. e5 Rf8
28. g3 Rxf1+ 29. Rxf1 Rf8 30. Rxf8+ Kxf8 31. Qe4 Ke7 32. Kg2 Qg5 33. Qh7+ Ke8
34. Qh8+ Kd7 35. Qh7+ Kc8 36. Qh8+ Kd7 37. Qh7+ Kc8 38. Qh8+ Kd7 39. Qh7+ Kc8
40. Qh8+ Kd7 41. Qh7+ 1/2-1/2

[Event "Silkeborg"]
[Site "Silkeborg"]
[Date "1983.??.??"]
[Round "10"]
[White "Quist, Viggo Bove"]
[Black "Sahl, Bjarke"]
[Result "1/2-1/2"]
[WhiteElo "2200"]
[BlackElo "2300"]
[PlyCount "81"]
[EventDate "1983.10.??"]
[EventType "tourn"]
[EventRounds "11"]
[EventCountry "DEN"]
[EventCategory "7"]
[Source "ChessBase"]
[SourceDate "1999.07.01"]

1. c4 g6 2. d4 Bg7 3. Nc3 c5 4. d5 a6 5. e4 e5 6. h4 Nf6 7. a4 d6 8. Be2 Nbd7
9. h5 Nxh5 10. Bxh5 gxh5 11. Qxh5 Qf6 12. Nge2 Qg6 13. Qxg6 hxg6 14. Rxh8+ Bxh8
15. f3 f5 16. Be3 Bf6 17. Kd2 Kf7 18. Nc1 Bd8 19. a5 b6 20. axb6 Nxb6 21. b3
Bd7 22. f4 Bf6 23. fxe5 Bxe5 24. Nd3 Bf6 25. e5 dxe5 26. Nxc5 Bc8 27. Rh1 e4
28. Rh7+ Kg8 29. Rc7 Be5 30. Rc6 f4 31. Bg1 e3+ 32. Kd3 Bf5+ 33. N3e4 Rb8 34.
g4 fxg3 35. Kxe3 Nxc4+ 36. bxc4 Rb1 37. Nxg3 Bxg3 38. Bf2 Be5 39. d6 Rd1 40. d7
Kf7 41. Bh4 1/2-1/2

[Event "Silkeborg"]
[Site "Silkeborg"]
[Date "1983.??.??"]
[Round "11"]
[White "Brinck Claussen, Bjorn"]
[Black "Spassov, Liuben"]
[Result "1/2-1/2"]
[WhiteElo "2385"]
[BlackElo "2475"]
[PlyCount "24"]
[EventDate "1983.10.??"]
[EventType "tourn"]
[EventRounds "11"]
[EventCountry "DEN"]
[EventCategory "7"]
[Source "ChessBase"]
[SourceDate "1999.07.01"]

1. d4 Nf6 2. c4 e6 3. Nc3 Bb4 4. Qc2 b6 5. a3 Bxc3+ 6. Qxc3 Bb7 7. Nf3 d6 8. e3
Nbd7 9. b4 a5 10. b5 O-O 11. Bb2 Ne4 12. Qc2 f5 1/2-1/2

[Event "Silkeborg"]
[Site "Silkeborg"]
[Date "1983.??.??"]
[Round "9"]
[White "Brinck Claussen, Bjorn"]
[Black "Radulov, Ivan"]
[Result "1/2-1/2"]
[WhiteElo "2385"]
[BlackElo "2490"]
[PlyCount "20"]
[EventDate "1983.10.??"]
[EventType "tourn"]
[EventRounds "11"]
[EventCountry "DEN"]
[EventCategory "7"]
[Source "ChessBase"]
[SourceDate "1999.07.01"]

1. d4 d5 2. c4 dxc4 3. Nf3 Nf6 4. e3 e6 5. Bxc4 c5 6. O-O a6 7. a4 Qc7 8. Qe2
Nc6 9. Nc3 Bd6 10. h3 O-O 1/2-1/2

[Event "Silkeborg"]
[Site "Silkeborg"]
[Date "1983.??.??"]
[Round "4"]
[White "Brinck Claussen, Bjorn"]
[Black "Hansen, Curt"]
[Result "0-1"]
[WhiteElo "2385"]
[BlackElo "2450"]
[PlyCount "152"]
[EventDate "1983.10.??"]
[EventType "tourn"]
[EventRounds "11"]
[EventCountry "DEN"]
[EventCategory "7"]
[Source "ChessBase"]
[SourceDate "1999.07.01"]

1. d4 Nf6 2. c4 e6 3. Nc3 Bb4 4. e3 b6 5. Bd3 Bb7 6. Nf3 Ne4 7. O-O f5 8. d5
Bxc3 9. bxc3 Nc5 10. Ba3 Nba6 11. Nd4 O-O 12. f3 g6 13. Qe2 e5 14. Nb3 d6 15.
Bxc5 Nxc5 16. Nxc5 dxc5 17. f4 Qf6 18. Qc2 Kh8 19. Rae1 e4 20. Be2 c6 21. Rd1
Rfd8 22. dxc6 Bxc6 23. Rxd8+ Rxd8 24. Rd1 Kg7 25. Rxd8 Qxd8 26. Qd1 Qf6 27. Qd2
Kf7 28. g3 Ke7 29. Kf2 Qe6 30. Qd1 Be8 31. Qb3 Qd7 32. Qd1 Qc6 33. h3 Bf7 34.
Ke1 h6 35. h4 a6 36. Qb3 Kd8 37. Qa3 Qc8 38. Qa4 Kc7 39. Kd2 Kb7 40. Kc1 Be6
41. Qd1 Kc7 42. Kb2 Qg8 43. g4 Bxc4 44. Bxc4 Qxc4 45. h5 gxh5 46. gxf5 Qb5+ 47.
Ka3 Qd3 48. Qe1 Kd7 49. Kb2 b5 50. Qf2 b4 51. cxb4 cxb4 52. Qg2 Qc3+ 53. Kb1
Qd3+ 54. Kb2 Qc3+ 55. Kb1 Qxe3 56. Qg7+ Kc6 57. Qf6+ Kb5 58. Qe5+ Ka4 59. Qd6
Qe1+ 60. Kb2 Qc3+ 61. Kb1 a5 62. f6 Ka3 63. Qe5 Qe1+ 64. Kc2 Qe2+ 65. Kc1 a4
66. Qd4 Qe1+ 67. Qd1 Qc3+ 68. Qc2 Qxf6 69. Qxe4 Qa1+ 70. Kd2 Qxa2+ 71. Ke3 Qb3+
72. Kf2 Qb2+ 73. Kf3 b3 74. Qe7+ Ka2 75. Qf7 Qc3+ 76. Ke4 Ka1 0-1

[Event "Silkeborg"]
[Site "Silkeborg"]
[Date "1983.??.??"]
[Round "2"]
[White "Brinck Claussen, Bjorn"]
[Black "Quist, Viggo Bove"]
[Result "1-0"]
[WhiteElo "2385"]
[BlackElo "2200"]
[PlyCount "123"]
[EventDate "1983.10.??"]
[EventType "tourn"]
[EventRounds "11"]
[EventCountry "DEN"]
[EventCategory "7"]
[Source "ChessBase"]
[SourceDate "1999.07.01"]

1. d4 Nf6 2. c4 c5 3. d5 g6 4. Nc3 d6 5. e4 Bg7 6. Bd3 O-O 7. h3 e6 8. Nf3 exd5
9. exd5 Re8+ 10. Be3 Bh6 11. O-O Bxe3 12. fxe3 Nbd7 13. Rf2 a6 14. Qd2 Kg7 15.
Raf1 Qe7 16. e4 Rf8 17. a3 Ne8 18. b4 b6 19. Na4 Rb8 20. Rb1 f6 21. bxc5 bxc5
22. Rxb8 Nxb8 23. Nb6 Qc7 24. Qb2 Nd7 25. Nxc8 Qxc8 26. Bc2 Ne5 27. Nxe5 dxe5
28. Qb6 Qc7 29. Qxc7+ Nxc7 30. Ba4 Rb8 31. Rd2 Kf8 32. Kf2 Ne8 33. d6 Rd8 34.
d7 Nc7 35. Rb2 Ke7 36. Rb6 Ra8 37. Ke3 Rd8 38. h4 f5 39. Rc6 f4+ 40. Ke2 Ne6
41. Rxa6 Nf8 42. Kf3 Nxd7 43. Ra7 h5 44. Bc6 Kd6 45. Bd5 Rb8 46. Ra6+ Rb6 47.
Rxb6+ Nxb6 48. Bf7 Ke7 49. Bxg6 Nxc4 50. a4 Kf6 51. Bxh5 Nd2+ 52. Ke2 Nxe4 53.
a5 Nd6 54. a6 Nc8 55. Bg4 Na7 56. Kd3 Ke7 57. Be2 Kd6 58. h5 Ke6 59. Ke4 Nc6
60. Bb5 Na7 61. Bc4+ Kf6 62. Kd5 1-0

[Event "Silkeborg"]
[Site "Silkeborg"]
[Date "1983.??.??"]
[Round "5"]
[White "Fries Nielsen, Jens Ove"]
[Black "Knudsen, Per"]
[Result "1/2-1/2"]
[WhiteElo "2425"]
[BlackElo "2295"]
[PlyCount "80"]
[EventDate "1983.10.??"]
[EventType "tourn"]
[EventRounds "11"]
[EventCountry "DEN"]
[EventCategory "7"]
[Source "ChessBase"]
[SourceDate "1999.07.01"]

1. e4 e6 2. d4 d5 3. Nd2 Nf6 4. e5 Nfd7 5. Bd3 c5 6. c3 Nc6 7. Ne2 Qb6 8. Nf3
cxd4 9. cxd4 f6 10. exf6 Nxf6 11. O-O Bd6 12. Nc3 Bd7 13. Be3 O-O 14. a3 Rac8
15. Rb1 Qd8 16. Bg5 Qe8 17. h3 Qh5 18. Be3 Kh8 19. Nd2 Qh4 20. f4 Nh5 21. Nf3
Qe7 22. Ne5 Ng3 23. Re1 Nf5 24. Bf2 Qd8 25. Nxd7 Qxd7 26. Ne2 Qf7 27. Qd2 Bc7
28. Rbd1 Bb6 29. Bb1 Na5 30. b3 Nd6 31. Qe3 Nc6 32. Rf1 Rce8 33. Qd3 g6 34. Kh1
Ne4 35. Be1 Qc7 36. Bh4 Qd6 37. b4 Kg8 38. Be1 Rf7 39. Rf3 Ref8 40. b5 Ne7
1/2-1/2

[Event "Silkeborg"]
[Site "Silkeborg"]
[Date "1983.??.??"]
[Round "7"]
[White "Fries Nielsen, Jens Ove"]
[Black "Radulov, Ivan"]
[Result "0-1"]
[WhiteElo "2425"]
[BlackElo "2490"]
[PlyCount "54"]
[EventDate "1983.10.??"]
[EventType "tourn"]
[EventRounds "11"]
[EventCountry "DEN"]
[EventCategory "7"]
[Source "ChessBase"]
[SourceDate "1999.07.01"]

1. e4 c5 2. Nc3 Nc6 3. g3 g6 4. Bg2 Bg7 5. d3 d6 6. f4 f5 7. Nf3 Nf6 8. O-O O-O
9. Kh1 Rb8 10. Rb1 e6 11. a3 b6 12. b4 Bb7 13. Bd2 Qd7 14. Ng5 Nd4 15. Nh3 Rbc8
16. Nf2 e5 17. Ne2 fxe4 18. dxe4 Ba6 19. Nc3 Bxf1 20. Qxf1 cxb4 21. axb4 Ng4
22. Nxg4 Qxg4 23. Qd3 Kh8 24. h3 Qe6 25. b5 Qc4 26. Nd5 Qxc2 27. Qxc2 Rxc2 0-1

[Event "Silkeborg"]
[Site "Silkeborg"]
[Date "1983.??.??"]
[Round "11"]
[White "Fries Nielsen, Jens Ove"]
[Black "Quist, Viggo Bove"]
[Result "1-0"]
[WhiteElo "2425"]
[BlackElo "2200"]
[PlyCount "67"]
[EventDate "1983.10.??"]
[EventType "tourn"]
[EventRounds "11"]
[EventCountry "DEN"]
[EventCategory "7"]
[Source "ChessBase"]
[SourceDate "1999.07.01"]

1. e4 c5 2. Nf3 e6 3. d4 cxd4 4. Nxd4 a6 5. Bd3 Bc5 6. Nb3 Ba7 7. Nc3 Nc6 8. h4
b5 9. Qe2 d6 10. Bg5 f6 11. Be3 Nge7 12. Qh5+ Ng6 13. Bxa7 Rxa7 14. f4 O-O 15.
Qf3 Nb4 16. O-O-O Qe7 17. Bf1 Rc7 18. h5 Nh8 19. a3 Nc6 20. h6 g6 21. Qf2 f5
22. exf5 gxf5 23. Rh3 Ng6 24. Re3 Qd8 25. g3 b4 26. axb4 Nxb4 27. Ree1 e5 28.
Kb1 exf4 29. gxf4 Qf6 30. Rd4 Rb7 31. Rxb4 Rxb4 32. Nd5 Qf7 33. Nxb4 Be6 34.
Qd4 1-0

[Event "Silkeborg"]
[Site "Silkeborg"]
[Date "1983.??.??"]
[Round "9"]
[White "Fries Nielsen, Jens Ove"]
[Black "Spassov, Liuben"]
[Result "1/2-1/2"]
[WhiteElo "2425"]
[BlackElo "2475"]
[PlyCount "40"]
[EventDate "1983.10.??"]
[EventType "tourn"]
[EventRounds "11"]
[EventCountry "DEN"]
[EventCategory "7"]
[Source "ChessBase"]
[SourceDate "1999.07.01"]

1. Nf3 Nf6 2. b3 d5 3. Bb2 c6 4. e3 Bg4 5. Bxf6 gxf6 6. Be2 Bxf3 7. Bxf3 Bg7 8.
d4 f5 9. Qd3 e6 10. h3 Qd6 11. Nc3 Nd7 12. Ne2 Nf6 13. g4 Ne4 14. gxf5 exf5 15.
Ng3 Nxg3 16. fxg3 Qg6 17. O-O-O O-O-O 18. Kb1 Kb8 19. g4 fxg4 20. hxg4 Rde8
1/2-1/2

[Event "Silkeborg"]
[Site "Silkeborg"]
[Date "1983.??.??"]
[Round "2"]
[White "Fries Nielsen, Jens Ove"]
[Black "Hansen, Curt"]
[Result "1/2-1/2"]
[WhiteElo "2425"]
[BlackElo "2450"]
[PlyCount "34"]
[EventDate "1983.10.??"]
[EventType "tourn"]
[EventRounds "11"]
[EventCountry "DEN"]
[EventCategory "7"]
[Source "ChessBase"]
[SourceDate "1999.07.01"]

1. b3 e5 2. Bb2 Nc6 3. e3 Nf6 4. Bb5 d6 5. d4 exd4 6. exd4 a6 7. Be2 d5 8. Nf3
Bb4+ 9. c3 Bd6 10. O-O O-O 11. c4 Re8 12. Nbd2 Bf5 13. a3 Ne4 14. Re1 Qf6 15.
Nf1 Bf4 16. Bd3 Nd6 17. Qc2 Bxd3 1/2-1/2

[Event "Silkeborg"]
[Site "Silkeborg"]
[Date "1983.??.??"]
[Round "5"]
[White "Hansen, Curt"]
[Black "Radulov, Ivan"]
[Result "1/2-1/2"]
[WhiteElo "2450"]
[BlackElo "2490"]
[PlyCount "59"]
[EventDate "1983.10.??"]
[EventType "tourn"]
[EventRounds "11"]
[EventCountry "DEN"]
[EventCategory "7"]
[Source "ChessBase"]
[SourceDate "1999.07.01"]

1. c4 Nf6 2. Nc3 e6 3. d4 d5 4. Bg5 Be7 5. Nf3 O-O 6. e3 b6 7. Rc1 Bb7 8. Be2
Nbd7 9. cxd5 exd5 10. O-O c5 11. Qc2 Ne4 12. Bxe7 Qxe7 13. Rfd1 Nxc3 14. Qxc3
c4 15. b3 b5 16. Qa5 Bc6 17. bxc4 bxc4 18. Ne5 Nxe5 19. dxe5 Rab8 20. e4 Qxe5
21. exd5 Rb5 22. Qxa7 Bxd5 23. a4 Rb7 24. Qe3 Qxe3 25. fxe3 Rb2 26. Bf1 Be6 27.
Bxc4 Bxc4 28. Rxc4 g6 29. Ra1 Rd8 30. Rd4 1/2-1/2

[Event "Silkeborg"]
[Site "Silkeborg"]
[Date "1983.??.??"]
[Round "9"]
[White "Hansen, Curt"]
[Black "Quist, Viggo Bove"]
[Result "0-1"]
[WhiteElo "2450"]
[BlackElo "2200"]
[PlyCount "70"]
[EventDate "1983.10.??"]
[EventType "tourn"]
[EventRounds "11"]
[EventCountry "DEN"]
[EventCategory "7"]
[Source "ChessBase"]
[SourceDate "1999.07.01"]

1. d4 Nf6 2. c4 g6 3. Nc3 d5 4. Nf3 Bg7 5. Bf4 O-O 6. Rc1 dxc4 7. e4 Bg4 8.
Bxc4 Bxf3 9. gxf3 Nh5 10. Be3 e5 11. dxe5 Bxe5 12. Qxd8 Rxd8 13. Ne2 Nc6 14.
Bg5 Bxb2 15. Rb1 Bf6 16. Bxf6 Nxf6 17. Rxb7 Ne5 18. Rxc7 Ne8 19. Rc5 Nxf3+ 20.
Kf1 Rd1+ 21. Kg2 Nh4+ 22. Kh3 Rxh1 23. Bd5 Rd8 24. Ng3 Rd1 25. Kxh4 Rd2 26. Ra5
Rxf2 27. Rxa7 Rxh2+ 28. Kg5 Rf2 29. a4 Kg7 30. Be6 h6+ 31. Kh4 Nd6 32. Bd5 Kf6
33. Kh3 Rc8 34. a5 Rcc2 35. Rd7 Kg5 0-1

[Event "Silkeborg"]
[Site "Silkeborg"]
[Date "1983.??.??"]
[Round "11"]
[White "Hansen, Curt"]
[Black "Hebden, Mark"]
[Result "1-0"]
[WhiteElo "2450"]
[BlackElo "2495"]
[PlyCount "63"]
[EventDate "1983.10.??"]
[EventType "tourn"]
[EventRounds "11"]
[EventCountry "DEN"]
[EventCategory "7"]
[Source "ChessBase"]
[SourceDate "1999.07.01"]

1. c4 g6 2. Nc3 Bg7 3. d4 Nf6 4. e4 d6 5. Nf3 O-O 6. Be2 e5 7. O-O Nc6 8. d5
Ne7 9. b4 Nh5 10. g3 f5 11. Ng5 Nf6 12. f3 c6 13. b5 h6 14. Ne6 Bxe6 15. dxe6
d5 16. cxd5 cxd5 17. Nxd5 Nfxd5 18. exd5 Qb6+ 19. Kh1 Rfd8 20. Qb3 Rxd5 21. Bc4
Rdd8 22. Be3 Qa5 23. Rad1 Kh7 24. Rd7 Rxd7 25. exd7 f4 26. gxf4 Nf5 27. fxe5
Qc7 28. e6 Nxe3 29. Qxe3 Qxc4 30. Rc1 Qxb5 31. a4 Qb2 32. e7 1-0

[Event "Silkeborg"]
[Site "Silkeborg"]
[Date "1983.??.??"]
[Round "1"]
[White "Hansen, Curt"]
[Black "Sahl, Bjarke"]
[Result "1-0"]
[WhiteElo "2450"]
[BlackElo "2300"]
[PlyCount "57"]
[EventDate "1983.10.??"]
[EventType "tourn"]
[EventRounds "11"]
[EventCountry "DEN"]
[EventCategory "7"]
[Source "ChessBase"]
[SourceDate "1999.07.01"]

1. e4 c5 2. Nf3 Nc6 3. Bb5 Nf6 4. Nc3 Qc7 5. O-O e6 6. Bxc6 Qxc6 7. e5 Nd5 8.
Ne4 f5 9. exf6 Nxf6 10. Nxf6+ gxf6 11. Nh4 b6 12. Qh5+ Ke7 13. Ng6+ hxg6 14.
Qxh8 Kf7 15. Qh3 Bb7 16. b3 Bg7 17. Bb2 Rh8 18. Qg3 Rh4 19. f3 g5 20. Rad1 Bf8
21. Qf2 Bd6 22. g3 Rh3 23. d4 cxd4 24. Kg2 g4 25. Qxd4 Qxc2+ 26. Rd2 Rxh2+ 27.
Kxh2 Qh7+ 28. Kg1 Bc5 29. Qxc5 1-0

[Event "Silkeborg"]
[Site "Silkeborg"]
[Date "1983.??.??"]
[Round "7"]
[White "Hansen, Curt"]
[Black "Spassov, Liuben"]
[Result "0-1"]
[WhiteElo "2450"]
[BlackElo "2475"]
[PlyCount "86"]
[EventDate "1983.10.??"]
[EventType "tourn"]
[EventRounds "11"]
[EventCountry "DEN"]
[EventCategory "7"]
[Source "ChessBase"]
[SourceDate "1999.07.01"]

1. d4 Nf6 2. c4 e6 3. Nf3 b6 4. a3 Bb7 5. Nc3 d5 6. cxd5 exd5 7. g3 Bd6 8. Bg2
O-O 9. O-O Re8 10. Bg5 Nbd7 11. Nb5 h6 12. Nxd6 cxd6 13. Bxf6 Nxf6 14. Ne1 Qd7
15. Nd3 Rac8 16. e3 Rc7 17. Qb3 Ba6 18. Rfc1 Bxd3 19. Qxd3 Rec8 20. Qd1 g6 21.
Rxc7 Rxc7 22. Rc1 Qc8 23. Rxc7 Qxc7 24. Bf1 h5 25. Bd3 Kg7 26. Kg2 Qd7 27. h3
Ne4 28. h4 Qh3+ 29. Kg1 Qh1+ 30. Kxh1 Nxf2+ 31. Kg2 Nxd1 32. b3 Nxe3+ 33. Kf3
Ng4 34. Ba6 Nh6 35. Bc8 Kf6 36. Kf4 Ng8 37. b4 Ne7 38. Bd7 a5 39. b5 Ng8 40.
Bh3 Ke7 41. Bc8 Nf6 42. Bb7 a4 43. Ke3 Ne4 0-1

[Event "Silkeborg"]
[Site "Silkeborg"]
[Date "1983.??.??"]
[Round "3"]
[White "Hansen, Curt"]
[Black "Knudsen, Per"]
[Result "1-0"]
[WhiteElo "2450"]
[BlackElo "2295"]
[PlyCount "79"]
[EventDate "1983.10.??"]
[EventType "tourn"]
[EventRounds "11"]
[EventCountry "DEN"]
[EventCategory "7"]
[Source "ChessBase"]
[SourceDate "1999.07.01"]

1. e4 e6 2. d4 d5 3. Nc3 Nf6 4. e5 Nfd7 5. f4 c5 6. Nf3 Nc6 7. Be3 a6 8. Qd2
Be7 9. Be2 b5 10. dxc5 Nxc5 11. a3 Bb7 12. Nd4 Nxd4 13. Bxd4 Qc7 14. O-O O-O
15. Qe3 Rac8 16. b4 Ne4 17. Nxe4 dxe4 18. c3 f5 19. a4 Qd7 20. axb5 axb5 21.
Ra5 Bc6 22. Ra7 Rc7 23. Rfa1 Rb8 24. R1a5 Bd8 25. h3 Bd5 26. Bc5 Qe8 27. Kh2
Rcb7 28. Rxb7 Rxb7 29. Ra8 Rd7 30. Rc8 Rb7 31. Bb6 Rxb6 32. Qxb6 Bxb6 33. Rxe8+
Kf7 34. Rc8 Be3 35. g3 g5 36. fxg5 f4 37. gxf4 Bxf4+ 38. Kg1 Bxe5 39. Bxb5 Bb7
40. Rd8 1-0